|
|
|
|
| LEADER |
00000nas a2200000 a 4500 |
| 001 |
ssj0000127 |
| 003 |
WaSeSS |
| 005 |
20200512172242.0 |
| 006 |
m d |
| 007 |
cr n |
| 008 |
050615c19299999wiumn p s 0 a0eng |
| 010 |
|
|
|a 2011200751
|
| 022 |
|
|
|a 2161-7791
|y 0003-0945
|
| 024 |
7 |
|
|a LE3205
|2 LC class
|
| 035 |
|
|
|a (WaSeSS)ssj0000127
|
| 040 |
|
|
|a OCLCS
|b eng
|c OCLCS
|d OCLCQ
|d OCLCE
|d IL4I4
|d DLC
|d SERSO
|d CUD
|d OCLCQ
|d COO
|d OCLCF
|d OCLCQ
|d COD
|d VT2
|d DLC
|d REC
|d WaSeSS
|
| 042 |
|
|
|a pcc
|a nsdp
|
| 043 |
|
|
|a n-us---
|
| 050 |
|
4 |
|a LB3205
|b .A5
|
| 082 |
1 |
0 |
|a 371.6
|2 14
|
| 222 |
|
0 |
|a American school & university
|b (Online)
|
| 245 |
0 |
0 |
|a American school & university
|h [electronic resource].
|
| 246 |
3 |
0 |
|a American school and university
|
| 246 |
1 |
|
|i Some issues also have title:
|a AS & U
|
| 246 |
1 |
|
|i Nov. issue for 1963- have title:
|a American school & university architectural portfolio
|
| 246 |
3 |
|
|a American school and university architectural portfolio
|
| 246 |
1 |
|
|i One issue per year has title:
|a Who's who directory & buyers' guide
|
| 246 |
3 |
|
|a Who's who directory and buyers' guide
|
| 260 |
|
|
|3 1929- <Oct. 2001>
|a Philadelphia :
|b Educational Division of North American Pub. Co.
|
| 260 |
3 |
|
|3 <2020 -
|a Fort Atkinson WI :
|b Endeavor Business Media, LLC
|
| 310 |
|
|
|a Monthly (except for combined issues in Jan./Feb., May/June, and Nov./Dec.),
|b <Sept. 2017->
|
| 321 |
|
|
|a Annual,
|b 1928/1929-Aug. 1963
|
| 321 |
|
|
|a Monthly,
|b Sept. 1963-<Oct. 2001>
|
| 321 |
|
|
|a 13 no. a year,
|b 2006-
|
| 362 |
1 |
|
|a Print began with vol. for 1928/1929.
|
| 500 |
|
|
|a Title varies slightly.
|
| 500 |
|
|
|a Published: Overland Park, KS : PRIMEDIA Business Magazines & Media Inc., <Oct. 2001->; Overland, KS : Prism Business Media, <June 2006->
|
| 506 |
|
|
|a License restrictions may limit access.
|
| 515 |
|
|
|a Vols. for 1956/1957-1958-1959 issued in 2 pts.
|
| 515 |
|
|
|a With Vol. 78 (2006), issued monthly with supplemental 13th no. in Apr.
|
| 555 |
|
|
|a Indexes cumulative from 1928/1929 included in vols. for 1928/1929-1938; from 1939 in vols. for 1939-1950/1951; from a varying number (i.e. 4 or 5 more) of preceeding years in vols. for 1951/1952-1963.
|
| 580 |
|
|
|a Absorbed: Educational executives' overview in Sept. 1963.
|
| 588 |
|
|
|a Description based on: Apr. 1, 1997; title from banner (American School & University website, viewed June 7, 2011).
|
| 588 |
|
|
|a Latest issue consulted: Vol. 91, issue 1 (Sept. 2018) (EBSCO, viewed Nov. 20, 2018).
|
| 650 |
|
0 |
|a School facilities
|v Periodicals.
|
| 650 |
|
0 |
|a School buildings
|v Periodicals.
|
| 650 |
|
0 |
|a College buildings
|v Periodicals.
|
| 650 |
|
0 |
|a Schools
|x Furniture, equipment, etc.
|v Periodicals.
|
| 650 |
|
6 |
|a Équipements scolaires
|v Périodiques.
|
| 650 |
|
6 |
|a Équipements universitaires
|v Périodiques.
|
| 650 |
|
6 |
|a Écoles
|x Achats
|v Périodiques.
|
| 650 |
|
7 |
|a College buildings.
|2 fast
|0 (OCoLC)fst00867723
|
| 650 |
|
7 |
|a School buildings.
|2 fast
|0 (OCoLC)fst01107046
|
| 650 |
|
7 |
|a School facilities.
|2 fast
|0 (OCoLC)fst01107385
|
| 650 |
|
7 |
|a Schools
|x Furniture, equipment, etc.
|2 fast
|0 (OCoLC)fst01107997
|
| 655 |
|
0 |
|a Electronic journals.
|
| 776 |
0 |
8 |
|i Print version:
|t American school & university
|x 0003-0945
|w (DLC) 28027759
|w (OCoLC)1480705
|
| 776 |
0 |
8 |
|i Microfilm version:
|t American school & university
|x 0003-0945
|w (DLC)sn 89030185
|w (OCoLC)6835111
|
| 780 |
1 |
5 |
|t Educational executives' overview
|g Sept. 1963
|
| 856 |
4 |
0 |
|z Full text available from Research Library: 01/01/1992 to present
|u https://search.proquest.com/publication/40973
|